[Event "Ayvalik Erik"]
[Site "Ayvalik"]
[Date "2023.11.26"]
[Round "10.1"]
[White "Yagiz, Bora"]
[Black "Milanovic, Slavisa"]
[Result "0-1"]
[WhiteElo "1757"]
[BlackElo "2326"]
[PlyCount "68"]
[EventDate "2023.11.22"]
[EventType "schev"]
[EventRounds "10"]
[EventCountry "TUR"]
[SourceTitle "CB48_2023"]
[SourceDate "2023.11.29"]
[SourceVersion "1"]
[SourceVersionDate "2023.11.29"]
[SourceQuality "1"]
[WhiteTeam "Stars"]
[BlackTeam "Masters"]
[WhiteTeamCountry "TUR"]
[BlackTeamCountry "TUR"]

1. e4 c5 2. Nf3 e6 3. d4 cxd4 4. Nxd4 a6 5. c4 b6 6. Nc3 Bb7 7. Bd3 Qc7 8. Be3 Nf6 9. Rc1 Be7 10. h3 0-0 11. 0-0 d6 12. a3 Nbd7 13. b4 Rac8 14. f4 Rfe8 15. Qe2 Qb8 16. Nb3 Bd8 17. Nd2 Qa8 18. Kh2 Bc7 19. g4 d5 20. e5 dxc4 21. Nxc4 b5 22. Nd6 Bxd6 23. exd6 e5 24. g5 Rxc3 25. Rxc3 Nd5 26. Bxh7+ Kxh7 27. Qh5+ Kg8 28. fxe5 g6 29. Qh6 Nxc3 30. Rxf7 Kxf7 31. Qh7+ Ke6 32. Qxg6+ Kxe5 33. Bf2 Ne4 34. Qg7+ Kxd6 0-1

[Event "Ayvalik Armut"]
[Site "Ayvalik"]
[Date "2023.11.19"]
[Round "7"]
[White "Guliev, Sarhan"]
[Black "Yagiz, Bora"]
[Result "1-0"]
[WhiteElo "2298"]
[BlackElo "1757"]
[PlyCount "41"]
[EventDate "2023.11.16"]
[EventType "schev"]
[EventRounds "10"]
[EventCountry "TUR"]
[SourceTitle "CB47_2023"]
[SourceDate "2023.11.22"]
[SourceVersion "1"]
[SourceVersionDate "2023.11.22"]
[SourceQuality "1"]
[WhiteTeam "Masters"]
[BlackTeam "Stars"]

1. d4 d6 2. e4 Nf6 3. Nc3 e5 4. dxe5 dxe5 5. Qxd8+ Kxd8 6. Bc4 Ke8 7. f4 Nbd7 8. Nf3 Bd6 9. f5 Nb6 10. Bb3 Bd7 11. Bg5 Bb4 12. Bd2 Bxc3 13. Bxc3 Nxe4 14. Bxe5 Bxf5 15. 0-0 Be6 16. Bxe6 fxe6 17. Rae1 Nc5 18. Bxg7 Rg8 19. Bd4 Na6 20. Rxe6+ Kd7 21. Rh6 1-0

[Event "Ayvalik Armut"]
[Site "Ayvalik"]
[Date "2023.11.17"]
[Round "4"]
[White "Yagiz, Bora"]
[Black "Milanovic, Slavisa"]
[Result "0-1"]
[WhiteElo "1757"]
[BlackElo "2326"]
[PlyCount "60"]
[EventDate "2023.11.16"]
[EventType "schev"]
[EventRounds "10"]
[EventCountry "TUR"]
[SourceTitle "CB47_2023"]
[SourceDate "2023.11.22"]
[SourceVersion "1"]
[SourceVersionDate "2023.11.22"]
[SourceQuality "1"]
[WhiteTeam "Stars"]
[BlackTeam "Masters"]

1. e4 e6 2. d4 d5 3. Nd2 c5 4. exd5 Qxd5 5. Ngf3 cxd4 6. Bc4 Qd6 7. 0-0 Nf6 8. Nb3 Nc6 9. Nbxd4 Nxd4 10. Nxd4 Be7 11. Re1 0-0 12. c3 a6 13. Qf3 Qc7 14. Bd3 Bd6 15. Bg5 Bxh2+ 16. Kh1 Be5 17. Qh3 h6 18. Rxe5 Qxe5 19. f4 Ne4 20. Qe3 Qd6 21. Bxe4 hxg5 22. fxg5 g6 23. Rf1 e5 24. Qg3 Kg7 25. Rf6 Qe7 26. Ne6+ Bxe6 27. Qxe5 Rh8+ 28. Kg1 Kg8 29. Bxg6 Re8 30. Bc2 Bxa2 0-1

[Event "EU-Cup Online Gr-C"]
[Site "Tornelo INT"]
[Date "2021.03.28"]
[Round "7.3"]
[White "Gukesh, Dommaraju"]
[Black "Yagiz, Bora"]
[Result "1-0"]
[WhiteElo "2563"]
[BlackElo "1877"]
[PlyCount "49"]
[EventDate "2021.03.27"]
[EventType "team-tourn (rapid)"]
[EventRounds "9"]
[EventCountry "NET"]
[SourceTitle "CBM 201 Extra"]
[Source "ChessBase"]
[SourceDate "2021.05.31"]
[SourceVersion "1"]
[SourceVersionDate "2021.05.31"]
[SourceQuality "1"]
[WhiteTeam "Gijon 64"]
[BlackTeam "Zeitnot Express"]
[WhiteTeamCountry "ESP"]
[BlackTeamCountry "TUR"]

1. d4 d6 2. Nf3 f5 3. c4 Nf6 4. Nc3 g6 5. g3 Bg7 6. Bg2 0-0 7. 0-0 c6 8. d5 e5 9. dxe6 Bxe6 10. b3 Nh5 11. Nd4 Re8 12. e3 a5 13. Bb2 Qc7 14. Qd2 Na6 15. Rfd1 Nc5 16. Qc2 Nf6 17. a3 Bf7 18. b4 axb4 19. axb4 Nce4 20. Nxe4 Nxe4 21. g4 Qd7 22. gxf5 gxf5 23. Rxa8 Rxa8 24. Bh3 Bg6 25. Qxe4 1-0

[Event "Eastern op 46th"]
[Site "Tysons"]
[Date "2019.12.29"]
[Round "5"]
[White "Yagiz, Bora"]
[Black "Sriniaiyer, Sudarshan"]
[Result "1/2-1/2"]
[WhiteElo "1904"]
[BlackElo "2027"]
[PlyCount "86"]
[EventDate "2019.12.27"]
[EventType "swiss"]
[EventRounds "7"]
[EventCountry "USA"]
[SourceTitle "CBM 194 Extra"]
[Source "ChessBase"]
[SourceDate "2020.03.31"]
[SourceVersion "1"]
[SourceVersionDate "2020.03.31"]
[SourceQuality "1"]

1. e4 c5 2. c4 Nc6 3. Nc3 g6 4. g3 Bg7 5. Bg2 d6 6. Nge2 e6 7. d3 Nge7 8. 0-0 0-0 9. Bg5 h6 10. Be3 Nd4 11. Qd2 Kh7 12. Rab1 a5 13. f4 Bd7 14. Bf2 Bc6 15. a4 Qd7 16. Nb5 e5 17. Bxd4 cxd4 18. f5 Ng8 19. Bh3 Qe7 20. fxg6+ fxg6 21. Rxf8 Rxf8 22. Rf1 Rxf1+ 23. Kxf1 Qf6+ 24. Kg2 b6 25. Ng1 h5 26. Qf2 Qe7 27. Nf3 Bh6 28. g4 hxg4 29. Bxg4 Bd7 30. h3 Kg7 31. Nbxd4 Bxg4 32. hxg4 exd4 33. Qxd4+ Kh7 34. Qxb6 Qd7 35. Qxa5 Qxg4+ 36. Kf2 Bf4 37. Qa7+ Kh6 38. Ke2 Nf6 39. a5 Nh5 40. Qf2 Bg3 41. Qe3+ Bf4 42. Qf2 Bg3 43. Qe3+ Bf4 1/2-1/2

[Event "Eastern op 46th"]
[Site "Tysons"]
[Date "2019.12.27"]
[Round "1"]
[White "Yagiz, Bora"]
[Black "Dougherty, Michael J"]
[Result "0-1"]
[WhiteElo "1904"]
[BlackElo "2098"]
[PlyCount "70"]
[EventDate "2019.12.27"]
[EventType "swiss"]
[EventRounds "7"]
[EventCountry "USA"]
[SourceTitle "CBM 194 Extra"]
[Source "ChessBase"]
[SourceDate "2020.03.31"]
[SourceVersion "1"]
[SourceVersionDate "2020.03.31"]
[SourceQuality "1"]

1. e4 e6 2. d3 c5 3. g3 Nc6 4. Nf3 d5 5. Qe2 Nf6 6. Bg2 Be7 7. 0-0 b6 8. e5 Nd7 9. h4 Bb7 10. c4 d4 11. Bf4 h6 12. h5 g5 13. hxg6 fxg6 14. g4 Qc7 15. Nbd2 0-0-0 16. Ne4 Nf8 17. Nd6+ Bxd6 18. exd6 Qf7 19. Bg3 Nd7 20. Rae1 Rhe8 21. g5 h5 22. Nd2 h4 23. Bh2 Qf5 24. f4 Nb4 25. Be4 Qh3 26. Bxg6 e5 27. Bh5 Nf6 28. Bxe8 Rxe8 29. f5 Nxd3 30. Nf3 Ng4 31. Qg2 Qxg2+ 32. Kxg2 Ne3+ 33. Rxe3 dxe3 34. Kg1 e2 35. Rb1 Bxf3 0-1

[Event "Quebec op"]
[Site "Longueuil"]
[Date "2019.07.21"]
[Round "3"]
[White "Nunez, Omar"]
[Black "Yagiz, Bora"]
[Result "1-0"]
[WhiteElo "1963"]
[BlackElo "1889"]
[PlyCount "117"]
[EventDate "2019.07.20"]
[EventType "swiss"]
[EventRounds "9"]
[EventCountry "CAN"]
[SourceTitle "CBM 191 Extra"]
[Source "ChessBase"]
[SourceDate "2019.09.30"]
[SourceVersion "1"]
[SourceVersionDate "2019.09.30"]
[SourceQuality "1"]

1. f4 d5 2. Nf3 c5 3. g3 Nc6 4. Bg2 h5 5. h3 Nh6 6. d3 Nf5 7. Kf2 h4 8. g4 Ng3 9. Re1 e6 10. Nc3 Nd4 11. e4 Nxf3 12. Qxf3 d4 13. Ne2 Nxe2 14. Rxe2 Bd7 15. Kg1 Bc6 16. Bd2 Bd6 17. Qf2 e5 18. Rf1 Qc7 19. fxe5 Bxe5 20. Qf5 g6 21. Qg5 Qe7 22. Ref2 Rh7 23. b3 Bg3 24. Qxe7+ Kxe7 25. Bg5+ Ke8 26. Rf3 Be5 27. Bf6 Bxf6 28. Rxf6 Rd8 29. a4 Ke7 30. a5 a6 31. g5 Rb8 32. e5 Bxg2 33. Kxg2 Rd8 34. Kf3 Rd7 35. Ke4 Kd8 36. e6 fxe6 37. Rxg6 Rde7 38. Rg8+ Kd7 39. Ke5 Kc6 40. Rgf8 Kb5 41. g6 Rhg7 42. R1f7 Rexf7 43. gxf7 Kb4 44. Kf6 Rg2 45. Rg8 Rxc2 46. Kxe6 Rf2 47. f8Q Rxf8 48. Rxf8 Kxa5 49. Kd5 Kb4 50. Rf4 b5 51. Rxh4 a5 52. Rg4 a4 53. bxa4 bxa4 54. Rg1 a3 55. h4 a2 56. Rc1 Kb3 57. Kxc5 a1N 58. Rxa1 Kc2 59. Ra3 1-0

[Event "Quebec op"]
[Site "Quebec"]
[Date "2018.07.27"]
[Round "8"]
[White "Yagiz, Bora"]
[Black "Currie, James"]
[Result "1-0"]
[WhiteElo "1862"]
[BlackElo "2006"]
[PlyCount "79"]
[EventDate "2018.07.21"]
[EventType "swiss"]
[EventRounds "9"]
[EventCountry "CAN"]
[SourceTitle "CBM 186 Extra"]
[Source "ChessBase"]
[SourceDate "2018.08.24"]
[SourceVersion "1"]
[SourceVersionDate "2018.08.24"]
[SourceQuality "1"]

1. e4 d5 2. exd5 Nf6 3. d4 Nxd5 4. c4 Nb4 5. a3 N4a6 6. Nf3 g6 7. Be2 Bg7 8. 0-0 0-0 9. Nc3 Nd7 10. Be3 c6 11. h3 Nc7 12. Qb3 Ne6 13. Rfd1 Qc7 14. Rac1 Nf4 15. Bf1 Nf6 16. d5 e5 17. d6 Qa5 18. Bd2 Nd7 19. Nd5 Nc5 20. Qa2 Qa4 21. Nxf4 exf4 22. Bxf4 Qb3 23. Qxb3 Nxb3 24. d7 Bxd7 25. Rxd7 Nxc1 26. Bxc1 Rfd8 27. Rxb7 Rd1 28. Be3 Ra1 29. g4 h5 30. Kg2 a5 31. c5 Rb1 32. Bc4 Rxb2 33. Rxf7 Kh8 34. Rxg7 hxg4 35. hxg4 a4 36. Bd4 Rbb8 37. Rg8+ Kh7 38. Ng5+ Kh6 39. Nf7+ Kh7 40. Rg7# 1-0

[Event "Quebec op"]
[Site "Quebec"]
[Date "2018.07.26"]
[Round "7"]
[White "Vignalou, Joseph"]
[Black "Yagiz, Bora"]
[Result "0-1"]
[WhiteElo "1754"]
[BlackElo "1862"]
[PlyCount "67"]
[EventDate "2018.07.21"]
[EventType "swiss"]
[EventRounds "9"]
[EventCountry "CAN"]
[SourceTitle "CBM 186 Extra"]
[Source "ChessBase"]
[SourceDate "2018.08.24"]
[SourceVersion "1"]
[SourceVersionDate "2018.08.24"]
[SourceQuality "1"]

1. e4 Nf6 2. Nc3 d6 3. d4 Nbd7 4. f4 Nb6 5. Nf3 Bg4 6. h3 Bxf3 7. Qxf3 e6 8. Be3 d5 9. e5 Nfd7 10. 0-0-0 Be7 11. h4 0-0 12. g4 c5 13. Rd2 cxd4 14. Bxd4 f6 15. Qg3 fxe5 16. fxe5 Bxh4 17. Rxh4 Rxf1+ 18. Nd1 Nc4 19. Rh5 Nxd2 20. Qh3 Nf8 21. Kxd2 Rf7 22. Qe3 Ng6 23. Nf2 Nf4 24. Rh2 Qa5+ 25. Bc3 Qa4 26. b3 Qxa2 27. g5 Rc8 28. g6 hxg6 29. Ng4 b5 30. Nf6+ gxf6 31. Qxf4 Rxc3 32. Kxc3 Qa1+ 33. Kd2 Qxe5 34. Qh6 0-1

[Event "New York Int op 11th"]
[Site "New York"]
[Date "2018.06.14"]
[Round "3"]
[White "Tian, Eddy"]
[Black "Yagiz, Bora"]
[Result "1-0"]
[WhiteElo "2049"]
[BlackElo "1877"]
[PlyCount "40"]
[EventDate "2018.06.13"]
[EventType "swiss"]
[EventRounds "9"]
[EventCountry "USA"]
[SourceTitle "CBM 185 Extra"]
[Source "ChessBase"]
[SourceDate "2018.07.29"]
[SourceVersion "1"]
[SourceVersionDate "2018.07.29"]
[SourceQuality "1"]

1. e4 e5 2. Nf3 Nc6 3. Bb5 a6 4. Ba4 Nf6 5. Qe2 Be7 6. 0-0 b5 7. Bb3 0-0 8. c3 d5 9. d3 Be6 10. Rd1 Re8 11. Nbd2 h6 12. Nf1 g6 13. Bc2 dxe4 14. dxe4 Bc4 15. Bd3 Bxd3 16. Rxd3 Nh5 17. g3 f5 18. Nh4 Nf4 19. Bxf4 exf4 20. Nxf5 Ne5 1-0

[Event "Montreal Mont Royal op"]
[Site "Montreal"]
[Date "2017.07.25"]
[Round "4"]
[White "Kaufman, Raymond"]
[Black "Yagiz, Bora"]
[Result "1-0"]
[WhiteElo "2209"]
[BlackElo "1837"]
[PlyCount "92"]
[EventDate "2017.07.22"]
[EventType "swiss"]
[EventRounds "9"]
[EventCountry "CAN"]
[SourceTitle "CBM 179 Extra"]
[Source "ChessBase"]
[SourceDate "2017.08.23"]
[SourceVersion "1"]
[SourceVersionDate "2017.08.23"]
[SourceQuality "1"]

1. d4 Nf6 2. Nf3 g6 3. Bf4 Bg7 4. Nc3 d5 5. Qd2 Ne4 6. Nxe4 dxe4 7. Ne5 f6 8. Nc4 Be6 9. e3 Nd7 10. Na5 c6 11. Qb4 Qb6 12. Qa3 0-0 13. Bc4 Bxc4 14. Nxc4 Qa6 15. Qxa6 bxa6 16. 0-0-0 Nb6 17. Na5 Rac8 18. Nb7 g5 19. Bg3 f5 20. Nc5 a5 21. Ne6 Bh6 22. Nxf8 Kxf8 23. h4 g4 24. Be5 Kf7 25. Kb1 Ke6 26. Rhf1 Nc4 27. Bg3 Bxe3 28. fxe3 Nxe3 29. Rfe1 Nxd1 30. Rxd1 a4 31. c4 Rf8 32. Bf4 g3 33. d5+ cxd5 34. Rxd5 Rc8 35. b3 axb3 36. axb3 Rg8 37. Re5+ Kf6 38. Ra5 Rg4 39. Bg5+ Kf7 40. Rxa7 Ke6 41. Kc2 f4 42. Kd2 f3 43. gxf3 exf3 44. Ke3 f2 45. Ra1 g2 46. Kxf2 g1Q+ 1-0

[Event "Eastern op 43rd"]
[Site "Bethesda"]
[Date "2016.12.30"]
[Round "6"]
[White "Yagiz, Bora"]
[Black "Prem, Pranav"]
[Result "1/2-1/2"]
[WhiteElo "1891"]
[BlackElo "1858"]
[PlyCount "74"]
[EventDate "2016.12.27"]
[EventType "swiss"]
[EventRounds "7"]
[EventCountry "USA"]
[SourceTitle "CBM 176 Extra"]
[Source "ChessBase"]
[SourceDate "2017.03.02"]
[SourceVersion "1"]
[SourceVersionDate "2017.03.02"]
[SourceQuality "1"]

1. e4 c5 2. Nf3 d6 3. Bb5+ Bd7 4. Bxd7+ Qxd7 5. c4 Nc6 6. Nc3 Nf6 7. 0-0 g6 8. b3 Bg7 9. Re1 0-0 10. Bb2 Ne8 11. d3 Nc7 12. Qd2 Ne6 13. Nd5 Ned4 14. Nxd4 Nxd4 15. h3 e6 16. Nc3 Rae8 17. Rad1 f5 18. Ne2 Nxe2+ 19. Rxe2 Bd4 20. Bxd4 cxd4 21. b4 a6 22. Qb2 e5 23. Qb3 Kg7 24. Rc1 Rc8 25. Rec2 Rc7 26. c5 Rfc8 27. Qd5 Kf6 28. f4 Qe6 29. fxe5+ dxe5 30. Rc4 Qc6 31. a4 Rd7 32. Qxc6+ bxc6 33. Rf1 Rb7 34. Rb1 Ke6 35. Kf2 Rcb8 36. Kf3 Kd7 37. g3 Ke6 1/2-1/2

[Event "Eastern op 43rd"]
[Site "Bethesda"]
[Date "2016.12.27"]
[Round "1"]
[White "Yagiz, Bora"]
[Black "Dougherty, Michael J"]
[Result "0-1"]
[WhiteElo "1891"]
[BlackElo "2180"]
[PlyCount "84"]
[EventDate "2016.12.27"]
[EventType "swiss"]
[EventRounds "7"]
[EventCountry "USA"]
[SourceTitle "CBM 176 Extra"]
[Source "ChessBase"]
[SourceDate "2017.03.02"]
[SourceVersion "1"]
[SourceVersionDate "2017.03.02"]
[SourceQuality "1"]

1. e4 c5 2. Nf3 Nc6 3. Bb5 g6 4. 0-0 Bg7 5. Re1 Nf6 6. e5 Nd5 7. Nc3 Nxc3 8. dxc3 0-0 9. Qd5 Qb6 10. a4 e6 11. Qe4 f6 12. Bxc6 Qxc6 13. Qxc6 bxc6 14. Be3 fxe5 15. Bxc5 Rf5 16. Bd6 c5 17. Bxe5 Bb7 18. Bxg7 Bxf3 19. gxf3 Kxg7 20. Rad1 Rf7 21. Rd6 Rb8 22. b3 Rb6 23. Red1 Rxd6 24. Rxd6 Kf6 25. b4 Ke7 26. Ra6 Rxf3 27. b5 Rxc3 28. Rxa7 Rxc2 29. b6 Rc1+ 30. Kg2 Rb1 31. a5 c4 32. Rc7 Rb5 33. Rc5 Rxc5 34. b7 c3 35. b8Q c2 36. Qh8 c1Q 37. Qg7+ Kd6 38. Qd4+ Kc7 39. a6 Qc4 40. Qa1 Rg5+ 41. Kf3 Qd3+ 42. Kf4 Rf5+ 0-1

[Event "Washington Congress 3rd"]
[Site "Arlington"]
[Date "2016.10.10"]
[Round "9"]
[White "Yagiz, Bora"]
[Black "Caluza, Severo"]
[Result "0-1"]
[WhiteElo "1913"]
[BlackElo "1773"]
[PlyCount "44"]
[EventDate "2016.10.05"]
[EventType "swiss"]
[EventRounds "9"]
[EventCountry "USA"]
[SourceTitle "EXT 2018"]
[Source "ChessBase"]
[SourceDate "2017.10.13"]
[SourceVersion "1"]
[SourceVersionDate "2017.10.13"]
[SourceQuality "1"]

1. e4 e6 2. d4 d5 3. e5 c5 4. c3 Nc6 5. Nf3 Qb6 6. Bd3 Bd7 7. 0-0 cxd4 8. cxd4 Nxd4 9. Nbd2 Bb4 10. Nxd4 Qxd4 11. Nf3 Qb6 12. a3 Bf8 13. Qe2 g6 14. b4 Ne7 15. Be3 Qd8 16. Bg5 Bg7 17. Qe3 h6 18. Bxe7 Qxe7 19. Rac1 Qd8 20. Rc3 Qb6 21. Qxb6 axb6 22. Rc7 Rxa3 0-1

[Event "Washington Congress 3rd"]
[Site "Arlington"]
[Date "2016.10.08"]
[Round "6"]
[White "Yagiz, Bora"]
[Black "Lowinger, Daniel"]
[Result "0-1"]
[WhiteElo "1913"]
[BlackElo "2115"]
[PlyCount "28"]
[EventDate "2016.10.05"]
[EventType "swiss"]
[EventRounds "9"]
[EventCountry "USA"]
[SourceTitle "EXT 2018"]
[Source "ChessBase"]
[SourceDate "2017.10.13"]
[SourceVersion "1"]
[SourceVersionDate "2017.10.13"]
[SourceQuality "1"]

1. e4 e6 2. d4 d5 3. e5 c5 4. c3 Nc6 5. Nf3 cxd4 6. cxd4 Nge7 7. Bd3 Nf5 8. 0-0 Nfxd4 9. Nxd4 Nxd4 10. Bxh7 Qh4 11. f4 Bc5 12. Be3 Qxh7 13. Bxd4 Qxh2+ 14. Kf2 Qh4+ 0-1

[Event "Washington Congress 3rd"]
[Site "Arlington"]
[Date "2016.10.06"]
[Round "3"]
[White "Prem, Pranav"]
[Black "Yagiz, Bora"]
[Result "1-0"]
[WhiteElo "1765"]
[BlackElo "1913"]
[PlyCount "59"]
[EventDate "2016.10.05"]
[EventType "swiss"]
[EventRounds "9"]
[EventCountry "USA"]
[SourceTitle "EXT 2018"]
[Source "ChessBase"]
[SourceDate "2017.10.13"]
[SourceVersion "1"]
[SourceVersionDate "2017.10.13"]
[SourceQuality "1"]

1. d4 d6 2. Nf3 f5 3. Bf4 Nf6 4. e3 g6 5. c4 Bg7 6. Nc3 0-0 7. h3 c5 8. Be2 Ne4 9. 0-0 cxd4 10. exd4 Nxc3 11. bxc3 Qa5 12. Qb3 Kh8 13. Rad1 e5 14. dxe5 dxe5 15. Rd5 Qa6 16. Nxe5 Nc6 17. Rd6 g5 18. Bd3 gxf4 19. c5 Bxe5 20. Bxa6 Bxd6 21. cxd6 bxa6 22. c4 Be6 23. Qc3+ Kg8 24. c5 a5 25. Qf3 Bd7 26. Qxf4 Rfe8 27. Rd1 Re5 28. Rd3 Kf7 29. Qh6 Rxc5 30. Rg3 1-0

[Event "Quebec-ch op"]
[Site "Montreal"]
[Date "2016.07.29"]
[Round "8"]
[White "Saine, Zachary"]
[Black "Yagiz, Bora"]
[Result "0-1"]
[WhiteElo "1680"]
[BlackElo "1918"]
[PlyCount "60"]
[EventDate "2016.07.23"]
[EventType "swiss"]
[EventRounds "8"]
[EventCountry "CAN"]
[SourceTitle "CBM 173 Extra"]
[Source "ChessBase"]
[SourceDate "2016.08.29"]
[SourceVersion "1"]
[SourceVersionDate "2016.08.29"]
[SourceQuality "1"]

1. e4 d6 2. d4 Nf6 3. Nc3 e5 4. dxe5 dxe5 5. Bg5 Nbd7 6. Nf3 Be7 7. g3 0-0 8. Bg2 c6 9. 0-0 h6 10. Be3 Qc7 11. h3 Bc5 12. Qe2 b5 13. a3 Bxe3 14. Qxe3 Nb6 15. Nd2 Bb7 16. f4 Rfe8 17. f5 Nbd7 18. Kh2 Qb6 19. Qf3 c5 20. b4 cxb4 21. axb4 Rac8 22. Rae1 Qd4 23. Ndb1 Qxb4 24. h4 h5 25. Bh3 Rc4 26. Rf2 Nxe4 27. Nxe4 Qxe1 28. Nbd2 Rxe4 29. Qg2 Rf4 30. Nf3 Rxf3 0-1